Compensación económica : teoría y práctica /
Guardado en:
| Autor Principal: | |
|---|---|
| Otros Autores: | |
| Formato: | Libro |
| Idioma: | Undetermined |
| Publicado: |
Santa Fé :
Rubinzal - Culzoni,
2023.
|
| Edición: | 2a. ed. amp. y act. |
| Materias: | |
| Etiquetas: |
Agregar Etiqueta
Sin Etiquetas, Sea el primero en etiquetar este registro!
|
| LEADER | 00708nam a22002055a 4500 | ||
|---|---|---|---|
| 001 | DER.der014935 | ||
| 008 | 231207s2023####xx############000#0#und#d | ||
| 005 | 20231222094315.0 | ||
| 245 | 1 | 0 | |a Compensación económica : |b teoría y práctica / |c Mariel F. Molina de Juan. |
| 250 | |a 2a. ed. amp. y act. | ||
| 260 | |a Santa Fé : |b Rubinzal - Culzoni, |c 2023. | ||
| 300 | |a 573 p. | ||
| 500 | |a Contiene: respuestas breves a preguntas frecuentes. | ||
| 020 | |a 9789873048371 | ||
| 100 | 1 | |a Molina de Juan, Mariel F. | |
| 700 | 1 | |a Kemelmajer de Carlucci, Aída, |e prol. | |
| 650 | 7 | |a COMPETENCIA | |
| 650 | 7 | |a CESE DE LA UNION CONVIVENCIAL | |
| 650 | 7 | |a EFECTOS DE LA MUERTE | |
| 859 | |a DERECHO |b BIB. DERECHO |h 346.002 |i MOL |p 0010268 | ||
